000 00294nam a2200121Ia 4500
999 _c14310
_d14310
008 260210s9999 xx 000 0 und d
020 _a9780727764553
082 _a693.852
100 _aGrant
245 0 _aEarthquake Design Practice For Buildings, 4Th Ed.
260 _bTTL
942 _cUG
_2ddc